000 00541nam a22001817a 4500
999 _c16903
_d16903
003 AR-CdUCM
008 190506b ||||| |||| 00| 0 spa d
040 _aMUNICIPALIDAD PROVINCIAL DEL CUSCO
_cBIBLIOTECA MUNICIPAL DEL CUSCO
082 _a985.009 /
_bBH
110 _aBiblioteca Hombres de Perú
_936642
245 _aFelipe Santiago Salaverry /
260 _aLima :
_bBHP,
_c1964.
300 _a83 páginas ;
_c20 cm.
505 _aFelipe Santiago Salaverry
650 _aFelipe Salaverry
_936643
942 _2ddc
_cLIBROS
945 _awfj